Global institutions and development (Record no. 807359)

MARC details
000 -LEADER
fixed length control field 00634nam a2200229Ia 4500
003 - CONTROL NUMBER IDENTIFIER
control field OSt
005 - DATE AND TIME OF LATEST TRANSACTION
control field 20220928135614.0
008 - FIXED-LENGTH DATA ELEMENTS--GENERAL INFORMATION
fixed length control field 220927b |||||||| |||| 00| 0 eng d
037 ## - SOURCE OF ACQUISITION
Terms of availability Textual
040 ## - CATALOGING SOURCE
Original cataloging agency SDCL
Transcribing agency SDCL
Language of cataloging eng
041 ## - LANGUAGE CODE
Source of code eng
Language code of text/sound track or separate title eng
100 ## - MAIN ENTRY--PERSONAL NAME
Personal name Boas Morten Ed.
9 (RLIN) 491922
245 #0 - TITLE STATEMENT
Title Global institutions and development
Remainder of title Framing the world?
260 ## - PUBLICATION, DISTRIBUTION, ETC.
Date of publication, distribution, etc. 2004
700 ## - ADDED ENTRY--PERSONAL NAME
Personal name McNeill Desmond Ed.
9 (RLIN) 491923
942 ## - ADDED ENTRY ELEMENTS (KOHA)
Classification part X:5381, P4
Koha item type Textual
Source of classification or shelving scheme Colon Classification (CC)
Holdings
Withdrawn status Lost status Damaged status Not for loan Home library Current library Date acquired Total Checkouts Full call number Barcode Date last seen Price effective from Koha item type
        South Campus Library South Campus Library 2022-09-28   X:5381 P4 SC1310251 2022-09-28 2022-09-28 Textual
Copyright @ Delhi University Library System